Книга первая - вторая; Забайкальцы

Dades bibliogràfiques
Parent link:Забайкальцы: Роман/ Василий Балябин. Книга первая - вторая.— , 1993-.— 5-87012-002-10
Idioma:rus
Publicat: 1993
Format: MixedMaterials Llibre
KOHA link:https://koha.lib.tpu.ru/cgi-bin/koha/opac-detail.pl?biblionumber=111627

MARC

LEADER 00000nam2a2200000 4500
001 111627
005 20231031120930.0
020 |a RU  |b 83-57013 
035 |a (RuTPU)RU\TPU\book\120560 
035 |a RU\TPU\book\120558 
090 |a 111627 
100 |a 20070318g1983 m y0rusy5003 ca 
101 0 |a rus 
102 |a RU 
105 |a y z 000ay 
200 0 |a Книга первая - вторая 
210 |d 1993 
215 |d 21 см  |a 594 с. 
461 1 |0 (RuTPU)RU\TPU\book\120557  |y 5-87012-002-10  |y 5-87146-068-2  |t Забайкальцы  |o Роман  |f Василий Балябин  |v Книга первая - вторая  |d 1993- 
801 0 |a RU  |b RuMRKP  |c 19950704  |g psbo 
801 1 |a RU  |b 63413507  |c 20070318  |g PSBO 
801 2 |a RU  |b 63413507  |c 20070319  |g PSBO 
942 |c BK